Sports Quiz

Random Sports or Football Quiz

2010 NL Central Teams Ultimate Rosters Quiz Stats

 Plays Quiz not verified by Sporcle

Score 0/150 Timer 17:00
0 Plays Today
Team Player % Correct
St. Louis CardinalsChris Carpenter
80.3%
St. Louis CardinalsAdam Wainwright
78.9%
St. Louis CardinalsAlbert Pujols
78.9%
Cincinnati RedsJoey Votto
76.3%
Cincinnati RedsBronson Arroyo
75%
Cincinnati RedsAaron Harang
73.7%
Cincinnati RedsJohnny Cueto
73.7%
Cincinnati RedsScott Rolen
73.7%
Cincinnati RedsBrandon Phillips
72.4%
Chicago CubsDerrek Lee
72.4%
Houston AstrosCarlos Lee
72.4%
Cincinnati RedsEdinson Volquez
69.7%
Milwaukee BrewersPrince Fielder
69.7%
Cincinnati RedsJay Bruce
68.4%
St. Louis CardinalsYadier Molina
68.4%
Cincinnati RedsFrancisco Cordero
67.1%
Milwaukee BrewersRyan Braun
67.1%
Chicago CubsCarlos Zambrano
67.1%
Cincinnati RedsRamon Hernandez
63.2%
Cincinnati RedsOrlando Cabrera
63.2%
St. Louis CardinalsMatt Holliday
63.2%
Milwaukee BrewersRickie Weeks
63.2%
Chicago CubsAramis Ramirez
63.2%
Houston AstrosRoy Oswalt
63.2%
Cincinnati RedsDrew Stubbs
61.8%
St. Louis CardinalsJamie Garcia
61.8%
Chicago CubsGeovany Soto
61.8%
Houston AstrosWandy Rodriguez
60.5%
Chicago CubsRyan Dempster
59.2%
Chicago CubsAlfonso Soriano
59.2%
Houston AstrosLance Berkman
59.2%
Milwaukee BrewersYovani Gallardo
57.9%
Chicago CubsRyan Theriot
57.9%
Pittsburgh PiratesAndrew McCutchen
57.9%
Milwaukee BrewersCorey Hart
56.6%
Chicago CubsCarlos Marmol
56.6%
Cincinnati RedsTravis Wood
55.3%
Chicago CubsKosuke Fukudome
55.3%
Houston AstrosHunter Pence
55.3%
Pittsburgh PiratesZach Duke
55.3%
Chicago CubsTed Lilly
53.9%
Cincinnati RedsJonny Gomes
52.6%
St. Louis CardinalsRyan Franklin
52.6%
St. Louis CardinalsColby Rasmus
52.6%
Chicago CubsStarlin Castro
51.3%
Houston AstrosJason Castro
51.3%
Chicago CubsMarlon Byrd
50%
Houston AstrosChris Johnson
50%
Houston AstrosMichael Bourn
50%
St. Louis CardinalsBrendan Ryan
48.7%
Team Player % Correct
St. Louis CardinalsRyan Ludwick
48.7%
Milwaukee BrewersCasey McGehee
48.7%
Pittsburgh PiratesGarrett Jones
48.7%
Chicago CubsKoyie Hill
47.4%
Cincinnati RedsHomer Bailey
46.1%
St. Louis CardinalsSkip Schumaker
46.1%
St. Louis CardinalsDavid Freese
46.1%
Milwaukee BrewersJohn Axford
46.1%
Chicago CubsRandy Wells
44.7%
Chicago CubsMike Fontenot
44.7%
Chicago CubsTyler Colvin
44.7%
Pittsburgh PiratesPaul Maholm
44.7%
Cincinnati RedsArthur Rhodes
43.4%
St. Louis CardinalsJeff Suppan
43.4%
Cincinnati RedsAroldis Chapman
40.8%
Cincinnati RedsRyan Hanigan
40.8%
St. Louis CardinalsFelipe Lopez
40.8%
Milwaukee BrewersAlcides Escobar
40.8%
Milwaukee BrewersCarlos Gomez
40.8%
Houston AstrosWilton Lopez
40.8%
Pittsburgh PiratesJavier Lopez
40.8%
Milwaukee BrewersDavid Bush
39.5%
Cincinnati RedsMike Leake
38.2%
Pittsburgh PiratesRyan Doumit
38.2%
Pittsburgh PiratesNeil Walker
38.2%
Milwaukee BrewersTrevor Hoffman
36.8%
Cincinnati RedsJordan Smith
35.5%
Milwaukee BrewersRandy Wolf
35.5%
Milwaukee BrewersCraig Counsell
35.5%
Milwaukee BrewersJim Edmonds
35.5%
Pittsburgh PiratesPedro Alvarez
35.5%
Cincinnati RedsPaul Janish
34.2%
Pittsburgh PiratesLastings Milledge
34.2%
Cincinnati RedsJim Edmonds
32.9%
St. Louis CardinalsJohn Jay
32.9%
Chicago CubsSean Marshall
31.6%
Pittsburgh PiratesRonny Cedeno
31.6%
Cincinnati RedsNick Masset
30.3%
St. Louis CardinalsBrad Penny
30.3%
Milwaukee BrewersManny Parra
30.3%
Chicago CubsBlake Dewitt
30.3%
Pittsburgh PiratesRoss Ohlendorf
28.9%
Chicago CubsTom Gorzelanny
27.6%
Houston AstrosBrett Myers
27.6%
Houston AstrosJeff Keppinger
27.6%
Pittsburgh PiratesOctavio Dotel
27.6%
Milwaukee BrewersChris Capuano
26.3%
Chicago CubsCarlos Silva
26.3%
Chicago CubsXavier Nady
26.3%
Pittsburgh PiratesEvan Meek
26.3%
Team Player % Correct
Pittsburgh PiratesJose Tabata
26.3%
Cincinnati RedsMiguel Cairo
25%
St. Louis CardinalsJake Westbrook
25%
St. Louis CardinalsTrever Miller
25%
Milwaukee BrewersGeorge Kottaras
25%
Houston AstrosMatt Lindstrom
25%
Houston AstrosPedro Feliz
25%
Milwaukee BrewersChris Narveson
23.7%
Milwaukee BrewersJonathan Lucroy
23.7%
Houston AstrosBud Norris
23.7%
Houston AstrosBrandon Lyon
23.7%
St. Louis CardinalsDennys Reyes
22.4%
Milwaukee BrewersTodd Coffey
22.4%
Milwaukee BrewersZack Braddock
22.4%
Houston AstrosJ.A. Happ
22.4%
Houston AstrosTommy Manzella
22.4%
Cincinnati RedsLogan Ondrusek
21.1%
Houston AstrosHumberto Quintero
21.1%
Pittsburgh PiratesJeff Karstens
21.1%
Pittsburgh PiratesDelwyn Young
21.1%
Houston AstrosGeoff Blum
19.7%
Houston AstrosAngel Sanchez
19.7%
Pittsburgh PiratesCharlie Morton
19.7%
Milwaukee BrewersLorenzo Cain
18.4%
Pittsburgh PiratesChris Snyder
18.4%
St. Louis CardinalsKyle McClellan
17.1%
Pittsburgh PiratesJoel Hanrahan
15.8%
Pittsburgh PiratesRyan Church
15.8%
St. Louis CardinalsBlake Hawksworth
14.5%
Milwaukee BrewersJoe Inglett
14.5%
Pittsburgh PiratesJames McDonald
14.5%
Chicago CubsAndrew Cashner
13.2%
Pittsburgh PiratesChan Ho Park
13.2%
St. Louis CardinalsRandy Winn
11.8%
Chicago CubsCasey Coleman
11.8%
Houston AstrosJason Michaels
11.8%
St. Louis CardinalsMitchell Boggs
10.5%
St. Louis CardinalsMatt Pagnozzi
10.5%
St. Louis CardinalsNick Stavinoha
10.5%
Milwaukee BrewersCarlos Villanueva
10.5%
Pittsburgh PiratesBobby Crosby
10.5%
Milwaukee BrewersKameron Loe
9.2%
Houston AstrosNelson Figueroa
9.2%
Houston AstrosJeff Fulchino
7.9%
Chicago CubsJames Russell
6.6%
Chicago CubsJustin Berg
6.6%
Houston AstrosTim Byrdak
5.3%
Houston AstrosFernando Abad
3.9%
Pittsburgh PiratesD.J. Carrasco
2.6%
Pittsburgh PiratesBrian Burres
2.6%

You're not logged in!

Compare scores with friends on all Sporcle quizzes.
OR
Log In

Sporcle TV

Today on Sporcle TV


Watch our educational content, quiz creation guides, and fun videos on Sporcle TV.

Show Comments

Extras

Top Quizzes Today


Score Distribution

Your Account Isn't Verified!

In order to create a playlist on Sporcle, you need to verify the email address you used during registration. Go to your Sporcle Settings to finish the process.

Report this User

Report this user for behavior that violates our Community Guidelines.

Details: